000 00446ntaaa2200181 4500
003 01
005 20251027202632.0
008 0714s1973 ag 01
040 _aAR-BaBN
_bspa
_cAR-BaBN
_eaacr
_dRIC
082 _a371.3600 Sa2
100 _aSáinz, Fernando
_925340
245 _aEl método de proyectos
250 _a3 ed.
260 _aBuenos Aires :
_bEditorial Lozada,
_cc1939
300 _a115 p
650 _aproyectos
_925657
942 _cBK
999 _c21491
_d21491